<?xml version="1.0" encoding="UTF-8"?><?xml-stylesheet type="text/xsl" href="static/style.xsl"?><OAI-PMH xmlns="http://www.openarchives.org/OAI/2.0/" xmlns:xsi="http://www.w3.org/2001/XMLSchema-instance" xsi:schemaLocation="http://www.openarchives.org/OAI/2.0/ http://www.openarchives.org/OAI/2.0/OAI-PMH.xsd"><responseDate>2026-04-27T20:11:01Z</responseDate><request verb="GetRecord" identifier="oai:uvadoc.uva.es:10324/20228" metadataPrefix="marc">https://uvadoc.uva.es/oai/request</request><GetRecord><record><header><identifier>oai:uvadoc.uva.es:10324/20228</identifier><datestamp>2021-06-30T08:29:24Z</datestamp><setSpec>com_10324_7462</setSpec><setSpec>com_10324_5186</setSpec><setSpec>com_10324_29291</setSpec><setSpec>col_10324_7506</setSpec></header><metadata><record xmlns="http://www.loc.gov/MARC21/slim" xmlns:doc="http://www.lyncode.com/xoai" xmlns:xsi="http://www.w3.org/2001/XMLSchema-instance" xmlns:dcterms="http://purl.org/dc/terms/" xsi:schemaLocation="http://www.loc.gov/MARC21/slim http://www.loc.gov/standards/marcxml/schema/MARC21slim.xsd">
<leader>00925njm 22002777a 4500</leader>
<datafield tag="042" ind1=" " ind2=" ">
<subfield code="a">dc</subfield>
</datafield>
<datafield tag="720" ind1=" " ind2=" ">
<subfield code="a">Calzada del Amo, Esther</subfield>
<subfield code="e">author</subfield>
</datafield>
<datafield tag="260" ind1=" " ind2=" ">
<subfield code="c">1995</subfield>
</datafield>
<datafield tag="520" ind1=" " ind2=" ">
<subfield code="a">Es un análisis sobre la figura de Abilio Calderón, un político restauracionista alejado del modelo de las grandes figuras que guiaron la política nacional. Se trata de una pieza intermedia que ejerce de puente entre los líderes y los caciques de la provincia. En contra de lo que se ha dicho para otros tantos, el poder económico personal sólo es decisivo para el lanzamiento a la vía política, pero no es la clave que explica las posiciones privilegiadas que llega a ocupar.</subfield>
</datafield>
<datafield tag="520" ind1=" " ind2=" ">
<subfield code="a">It is an analysis on Abilio Calderón, a politician of de Restoration, who was distant from the average of chief figures who led the national politics. He is an intermediate piece of the system which performs as a bridge between leaders and local boss. In spite of what has been said about so many others, personal economic power is just decisive to approach political life, but this is not the key which explains the privileged positions he occupied.</subfield>
</datafield>
<datafield tag="024" ind2=" " ind1="8">
<subfield code="a">Investigaciones históricas: Época moderna y contemporánea, 1995, N.15, pags.135-148</subfield>
</datafield>
<datafield tag="024" ind2=" " ind1="8">
<subfield code="a">0210-9425</subfield>
</datafield>
<datafield tag="024" ind2=" " ind1="8">
<subfield code="a">http://uvadoc.uva.es/handle/10324/20228</subfield>
</datafield>
<datafield tag="024" ind2=" " ind1="8">
<subfield code="a">135</subfield>
</datafield>
<datafield tag="024" ind2=" " ind1="8">
<subfield code="a">15</subfield>
</datafield>
<datafield tag="024" ind2=" " ind1="8">
<subfield code="a">148</subfield>
</datafield>
<datafield ind1=" " ind2=" " tag="653">
<subfield code="a">Historia moderna y contemporánea</subfield>
</datafield>
<datafield tag="245" ind1="0" ind2="0">
<subfield code="a">Caciquismo y conservadurismo en Palencia: Abilio Calderón, 1892-1923</subfield>
</datafield>
</record></metadata></record></GetRecord></OAI-PMH>